000 00505nam a2200181Ia 4500
001 8620
005 20260306160623.0
008 260306t2012||||xx |||||||||||||| ||spa||
041 _aESP
082 _a371.2
_bQ23
100 _aQuevedo Blasco, Víctor José
_eAUT
245 0 _aPlanificar y programar en los centros educativos:
_bdepartamentos didácticos y áreas de competencias
260 _c2012
300 _a273 páginas :
_c24 cm.
650 _aGEN
654 _aCED
942 _cLIB
_dJUS
_fJUS
_2ddc
_n
999 _c8620
_d8620